[Event "Druzynowe Mistrzostwa Polski Juniorow - I Liga"]
[Site "Centrum Wypoczynkowo-Szkoleniowe Gwarek, Ustron"]
[Date "1899-12-30"]
[Round "1.1"]
[White "Kaczmarek, Aleksander"]
[Black "Korpalski, Maciej"]
[Result "1-0"]
[WhiteTitle "FM"]
[BlackTitle "I"]
[WhiteElo "2238"]
[BlackElo "1838"]

1. e4 e5 2. Nf3 Nc6 3. d4 exd4 4. Bc4 Nf6 5. e5 d5 6. Bb5 Ne4 7. Nxd4 Bd7 8. Bxc6
bxc6 9. O-O Bc5 10. Be3 Bb6 11. f3 Ng5 12. f4 Ne4 13. Nc3 Nxc3 14. bxc3 O-O 15.
a4 a5 16. Qe1 Qe7 17. Qg3 f6 18. Rae1 c5 19. Nf3 Bf5 20. Nh4 Be4 21. c4 c6 22.
exf6 Rxf6 23. f5 Bc7 24. Qf2 Bd6 25. Bg5 Qc7 26. Re3 Bxh2+ 27. Kh1 Rf7 28. Rh3
Bd6 29. Qe2 Raf8 30. Kg1 Qd7 31. Qh5 g6 32. Nxg6 Bxf5 33. Nxf8 Bxf8 34. Rhf3 Qe6
35. Qxf7+ Qxf7 36. Rxf5 1-0

[Event "Druzynowe Mistrzostwa Polski Juniorow - I Liga"]
[Site "Centrum Wypoczynkowo-Szkoleniowe Gwarek, Ustron"]
[Date "1899-12-30"]
[Round "1.2"]
[White "Holownia, Michal"]
[Black "Powalka, Michal"]
[Result "1-0"]
[WhiteTitle "II+"]
[BlackTitle "I++"]
[WhiteElo "1871"]
[BlackElo "1975"]

1. e4 e5 2. Nf3 Nc6 3. Bb5 a6 4. Ba4 Nf6 5. O-O Be7 6. Re1 b5 7. Bb3 O-O 8. h3
d6 9. c3 Bb7 10. d4 Re8 11. Ng5 Rf8 12. Nf3 h6 13. Nbd2 Re8 14. a3 Bf8 15. Ba2
Nb8 16. b4 exd4 17. cxd4 Nxe4 18. Bxf7+ Kxf7 19. Qb3+ Kf6 20. Nxe4+ Bxe4 21. Rxe4
Rxe4 22. Qd5 Qe8 23. Qxa8 c6 24. d5 c5 25. Bb2+ Kg6 26. Bc3 Qd8 27. bxc5 dxc5
28. d6 Re6 29. Ne5+ Kh7 30. d7 Bd6 31. Qe4+ g6 32. Qd5 Bxe5 33. Qxe6 Bxc3 34.
Qf7+ Bg7 35. Rd1 Nxd7 36. Rxd7 Qg8 37. Qe7 c4 38. Rd8 1-0

[Event "Druzynowe Mistrzostwa Polski Juniorow - I Liga"]
[Site "Centrum Wypoczynkowo-Szkoleniowe Gwarek, Ustron"]
[Date "1899-12-30"]
[Round "1.3"]
[White "Paliwoda, Borys"]
[Black "Sernecki, Franciszek"]
[Result "1/2-1/2"]
[WhiteTitle "II"]
[BlackTitle "I"]
[WhiteElo "1510"]
[BlackElo "1932"]

1. e4 d6 2. d4 Nf6 3. Nc3 c6 4. f4 Qa5 5. Bd3 e5 6. dxe5 dxe5 7. f5 Nbd7 8. Bd2
Nc5 9. Nd5 Nxd3+ 10. cxd3 Qd8 11. Nxf6+ Qxf6 12. Nf3 Bc5 13. Qc1 Qd6 14. Qc2 O-O
15. Bc3 Bd4 16. Nxd4 exd4 17. Bd2 a5 18. O-O Re8 19. Bf4 Qd8 20. Qc5 Ra6 21. Be5
b6 22. Qxd4 Qxd4+ 23. Bxd4 c5 24. Bc3 Ra7 25. Rfe1 Rd7 26. Rad1 Red8 27. Rd2 Rxd3
28. Red1 Ba6 29. Kf2 f6 30. Rxd3 Bxd3 31. Ke3 c4 32. b3 Re8 33. bxc4 Bxe4 34.
Kf2 Bxf5 35. Rd6 Be6 36. Rc6 Kf7 37. a4 Rb8 38. Bd4 h6 39. Bxb6 Bxc4 40. Rxc4
Rxb6 41. Rc7+ Kg6 42. Ra7 Rb2+ 43. Kg3 1/2-1/2

[Event "Druzynowe Mistrzostwa Polski Juniorow - I Liga"]
[Site "Centrum Wypoczynkowo-Szkoleniowe Gwarek, Ustron"]
[Date "1899-12-30"]
[Round "1.4"]
[White "Kawaler, Adam"]
[Black "Anyz, Monika"]
[Result "1-0"]
[WhiteTitle "I"]
[BlackTitle "II"]
[WhiteElo "1553"]
[BlackElo "1291"]

1. d4 d5 2. Nf3 e6 3. c4 Nf6 4. g3 Be7 5. Bg2 O-O 6. O-O Nbd7 7. Qc2 b6 8. b3 Bb7
9. Nbd2 c5 10. Bb2 Rc8 11. Rac1 a6 12. Qb1 Ne4 13. Nxe4 dxe4 14. Ne5 Nf6 15. Rfd1
Qc7 16. e3 Bd6 17. a3 cxd4 18. exd4 e3 19. fxe3 Bxg2 20. Kxg2 Bxe5 21. dxe5 Qc6+
22. Kg1 Ng4 23. e4 Rcd8 24. Bd4 Rd7 25. h3 Rfd8 26. hxg4 Rxd4 27. Rxd4 Rxd4 28.
Rd1 Qc5 29. Kh2 Qxe5 30. Qb2 h6 31. Qxd4 Qa5 32. a4 Qb4 33. Qe3 Kh7 34. e5 g6
35. Qf3 Qe7 36. Rd6 Qc7 37. Qc6 Qxc6 38. Rxc6 Kg7 39. Rxb6 a5 40. c5 Kh7 41. c6
Kg7 42. c7 Kh7 43. c8=Q 1-0

[Event "Druzynowe Mistrzostwa Polski Juniorow - I Liga"]
[Site "Centrum Wypoczynkowo-Szkoleniowe Gwarek, Ustron"]
[Date "1899-12-30"]
[Round "1.5"]
[White "Harazinska, Ewa"]
[Black "Dmochowska, Agnieszka"]
[Result "1-0"]
[WhiteTitle "WFM"]
[BlackTitle "WCM"]
[WhiteElo "2034"]
[BlackElo "1869"]

1. d4 Nf6 2. c4 e6 3. g3 d5 4. Bg2 c5 5. Nf3 Nc6 6. O-O Be7 7. cxd5 exd5 8. Nc3
O-O 9. Bg5 cxd4 10. Nxd4 h6 11. Bf4 Bg4 12. h3 Bh5 13. Nf5 Re8 14. Nb5 Bg6 15.
Nxe7+ Rxe7 16. Be3 Ne4 17. Kh2 a6 18. Nd4 Qc7 19. Nxc6 bxc6 20. Bxe4 Rxe4 21.
Rc1 Qe5 22. Re1 d4 23. Bf4 Qb5 24. f3 Re6 25. Qxd4 Rxe2+ 26. Kg1 Rae8 27. Rxe2
Rxe2 28. Bd2 Qh5 29. Bc3 Kf8 30. Qxg7+ Ke8 31. Qh8+ Ke7 32. Bb4+ c5 33. Bxc5+
Kd7 34. Rd1+ Kc6 35. Qc8+ Kb5 36. a4+ Kxa4 37. Qxa6+ Kb3 38. Qb5+ Ka2 39. Qa4+
Kxb2 40. Bd4# 1-0

[Event "Druzynowe Mistrzostwa Polski Juniorow - I Liga"]
[Site "Centrum Wypoczynkowo-Szkoleniowe Gwarek, Ustron"]
[Date "1899-12-30"]
[Round "1.6"]
[White "Frej, Zofia"]
[Black "Harazinska, Magdalena"]
[Result "1/2-1/2"]
[WhiteTitle "I+"]
[BlackTitle "I++"]
[WhiteElo "1823"]
[BlackElo "1857"]

1. d4 d5 2. Nf3 Nf6 3. e3 Bf5 4. c4 e6 5. Nc3 c6 6. Bd3 Bg4 7. O-O Bd6 8. h3 Bh5
9. e4 dxe4 10. Nxe4 Nxe4 11. Bxe4 Bg6 12. Re1 Bxe4 13. Rxe4 O-O 14. Bg5 Be7 15.
Bf4 Nd7 16. Qb3 Nf6 17. Re2 b6 18. Rd1 Qd7 19. Ne5 Qb7 20. Qf3 Rac8 21. b3 Rfd8
22. Red2 b5 23. g4 Nd7 24. Nxd7 Rxd7 25. c5 Rcd8 26. Qe3 Rd5 27. b4 Qd7 28. Kf1
Bf8 29. Qg3 Re8 30. g5 Rf5 31. Kg1 Qd5 32. h4 Qe4 33. Be5 Rf3 34. Qg2 Qf5 35.
Re2 Rd8 36. Re3 Rxe3 37. fxe3 Be7 38. Rf1 Qd3 39. Qxc6 Qxe3+ 40. Rf2 Qh3 41. Qc7
Qg4+ 42. Rg2 Qxh4 1/2-1/2

[Event "Druzynowe Mistrzostwa Polski Juniorow - I Liga"]
[Site "Centrum Wypoczynkowo-Szkoleniowe Gwarek, Ustron"]
[Date "1899-12-30"]
[Round "1.7"]
[White "Januszkiewicz, Wojciech"]
[Black "Czajkowski, Adam"]
[Result "0-1"]
[WhiteTitle "I+"]
[BlackTitle "I++"]
[WhiteElo "2025"]
[BlackElo "2073"]

1. e4 c5 2. Nf3 e6 3. d4 cxd4 4. Nxd4 a6 5. c4 Nf6 6. Nc3 Qc7 7. Be2 b6 8. O-O
Bb7 9. f3 d6 10. Be3 Nbd7 11. Qd2 Be7 12. Rfc1 O-O 13. b4 Rac8 14. a4 Qb8 15.
a5 bxa5 16. Rxa5 d5 17. c5 dxe4 18. fxe4 Ne5 19. Bf4 Bd8 20. Qe3 Bc7 21. Rf1 Rfd8
22. Nc2 Bxa5 23. bxa5 Qc7 24. Na4 Nfd7 25. Qc3 Qc6 26. Bxe5 Nxe5 27. Qxe5 Qxa4
28. Qf4 Rf8 29. Bd3 Rxc5 30. Qd6 Rxc2 0-1

[Event "Druzynowe Mistrzostwa Polski Juniorow - I Liga"]
[Site "Centrum Wypoczynkowo-Szkoleniowe Gwarek, Ustron"]
[Date "1899-12-30"]
[Round "1.8"]
[White "Pniaczek, Marek"]
[Black "Lebiedowicz, Borys"]
[Result "0-1"]
[WhiteTitle "I"]
[BlackTitle "II+"]
[WhiteElo "1716"]
[BlackElo "1813"]

1. e4 e5 2. Nf3 Nc6 3. Bb5 a6 4. Ba4 Nf6 5. O-O Be7 6. Re1 d6 7. c3 Bg4 8. d3 Nd7
9. Nbd2 Nc5 10. Bc2 Ne6 11. Nf1 Ng5 12. Bxg5 Bxg5 13. Ne3 Bh5 14. Nf5 Qf6 15.
Bb3 g6 16. h4 Bf4 17. Ne3 Ne7 18. g3 Bh6 19. Kg2 O-O-O 20. a4 Qg7 21. a5 f5 22.
Be6+ Kb8 23. Qb3 Qf6 24. Nd2 f4 25. Ng4 Bxg4 26. Bxg4 fxg3 27. fxg3 Bxd2 28. Rf1
Qg7 29. Rf7 Qg8 30. Raf1 Qe8 31. Qc4 d5 32. Qc5 Rd6 33. exd5 Nxd5 34. R1f3 Ne3+
35. Kh3 Rc6 36. Qb4 Nd5 37. Qb3 Rd6 38. Qc4 h5 39. Be6 Qxe6+ 40. Kh2 Rc6 41. Qe4
Ne3 42. b4 Nf5 0-1

[Event "Druzynowe Mistrzostwa Polski Juniorow - I Liga"]
[Site "Centrum Wypoczynkowo-Szkoleniowe Gwarek, Ustron"]
[Date "1899-12-30"]
[Round "1.9"]
[White "Grzesik, Gracjan"]
[Black "Musial, Tomasz"]
[Result "1-0"]
[WhiteTitle "II+"]
[BlackTitle "II"]
[WhiteElo "1617"]
[BlackElo "1595"]

1. e4 e6 2. d4 d5 3. e5 c5 4. c3 Nc6 5. Nf3 Be7 6. Be3 Nh6 7. Bd3 b6 8. O-O Nf5
9. a3 Bd7 10. Bxf5 exf5 11. dxc5 Be6 12. cxb6 axb6 13. Nbd2 g5 14. Nd4 Nxe5 15.
Nxe6 fxe6 16. Bd4 Qd6 17. Qe2 Ng4 18. Nf3 O-O 19. h3 Nh6 20. Rae1 Kf7 21. Nxg5+
Kg6 22. Nxe6 Rfe8 23. Ng7 Kf7 24. Nxe8 Rxe8 25. Qe5 Qxe5 26. Rxe5 Rg8 27. Rxd5
f4 28. f3 Ke6 29. Re5+ Kd6 30. Rfe1 Bf8 31. Re8 Nf5 32. Bf2 Kd7 33. Rb8 Nh4 34.
Kf1 Nxg2 35. Ree8 Ne3+ 36. Bxe3 fxe3 37. Rxf8 Rg3 38. Rxb6 Rxh3 39. Ke2 Kc7 40.
Rb4 h5 41. Kxe3 h4 42. Rh8 1-0

[Event "Druzynowe Mistrzostwa Polski Juniorow - I Liga"]
[Site "Centrum Wypoczynkowo-Szkoleniowe Gwarek, Ustron"]
[Date "1899-12-30"]
[Round "1.10"]
[White "Lyszczarz, Konrad"]
[Black "Luczak, Filip"]
[Result "0-1"]
[WhiteTitle "II"]
[BlackTitle "II+"]
[WhiteElo "1329"]
[BlackElo "1629"]

1. e4 c5 2. Nf3 d6 3. d4 Nf6 4. Nc3 cxd4 5. Nxd4 a6 6. f3 e5 7. Nde2 Be7 8. Be3
Be6 9. Ng3 Nbd7 10. a3 b5 11. a4 b4 12. Na2 d5 13. exd5 Nxd5 14. Bf2 O-O 15. Bd3
Bc5 16. Bxc5 Nxc5 17. Bc4 Ne3 18. Qxd8 Rfxd8 19. Bxe6 Nxc2+ 20. Ke2 Nxa1 21. Nxb4
Nxe6 22. Rxa1 Rdb8 23. Nd3 Nf4+ 24. Nxf4 exf4 25. Ne4 Rxb2+ 26. Kf1 Rab8 27. Nc3
R2b3 28. Rc1 Rc8 29. Ne2 Rxc1+ 30. Nxc1 Rb1 31. Ke2 Rxc1 0-1

[Event "Druzynowe Mistrzostwa Polski Juniorow - I Liga"]
[Site "Centrum Wypoczynkowo-Szkoleniowe Gwarek, Ustron"]
[Date "1899-12-30"]
[Round "1.11"]
[White "Czaplewska, Klara"]
[Black "Pyzio, Amelia"]
[Result "1-0"]
[WhiteTitle "I++"]
[BlackTitle "I"]
[WhiteElo "1669"]
[BlackElo "1409"]

1. e4 e5 2. Nf3 Nc6 3. Bb5 a6 4. Ba4 Nf6 5. O-O d6 6. c3 Be7 7. Re1 O-O 8. h3 h6
9. d4 Bd7 10. Nbd2 b5 11. Bb3 Re8 12. Nf1 Bf8 13. Ng3 Na5 14. Bc2 Nc4 15. b3 Nb6
16. Be3 c5 17. Qd2 Qc7 18. Nh4 Rac8 19. Rac1 Qb7 20. d5 a5 21. Nhf5 Kh7 22. f4
c4 23. Qf2 Rb8 24. fxe5 dxe5 25. Nxh6 gxh6 26. Qxf6 Bc8 27. Rf1 Bg7 28. Qxf7 Re7
29. Qf2 Nd7 30. Nf5 Rf7 31. Qh4 Qa6 32. Nxg7 Rxf1+ 33. Rxf1 Kxg7 34. Qe7+ Kh8
35. Qe8+ Kg7 36. Rf7+ Kg6 37. Qg8+ Kh5 38. Qg4# 1-0

[Event "Druzynowe Mistrzostwa Polski Juniorow - I Liga"]
[Site "Centrum Wypoczynkowo-Szkoleniowe Gwarek, Ustron"]
[Date "1899-12-30"]
[Round "1.12"]
[White "Kucharska, Honorata"]
[Black "Bienko, Jagoda"]
[Result "1-0"]
[WhiteTitle "I++"]
[BlackTitle "II"]
[WhiteElo "1719"]
[BlackElo "1242"]

1. e4 c5 2. Ne2 a6 3. g3 b5 4. Bg2 Bb7 5. O-O e6 6. c3 Nf6 7. d3 d6 8. Nd2 Nc6
9. f4 Be7 10. h3 h5 11. a4 O-O 12. f5 e5 13. Nf3 Rb8 14. Nh2 d5 15. Qc2 Qd7 16.
g4 b4 17. g5 Nh7 18. exd5 Na5 19. c4 Bxg5 20. Ng3 h4 21. Ne4 Bxc1 22. Raxc1 Rbc8
23. f6 gxf6 24. Ng4 Kh8 25. Ngxf6 Nxf6 26. Nxf6 Qe7 27. Qd2 Kg7 28. Qg5+ Kh8 29.
Qh6# 1-0

[Event "Druzynowe Mistrzostwa Polski Juniorow - I Liga"]
[Site "Centrum Wypoczynkowo-Szkoleniowe Gwarek, Ustron"]
[Date "1899-12-30"]
[Round "1.13"]
[White "Winiarski, Mikolaj"]
[Black "Bus, Konrad"]
[Result "1/2-1/2"]
[WhiteTitle "k"]
[BlackTitle "k"]
[WhiteElo "2160"]
[BlackElo "2108"]

1. e4 c5 2. Nf3 e6 3. d4 cxd4 4. Nxd4 Nc6 5. Nc3 Qc7 6. Be3 Nf6 7. Be2 a6 8. a3
Be7 9. O-O d6 10. Kh1 O-O 11. f4 Bd7 12. Nb3 b5 13. Bf3 Rab8 14. Qe1 b4 15. axb4
Nxb4 16. Qf2 Bc6 17. Nd4 Ba8 18. Rad1 Nd7 19. Na4 Nf6 20. Nc3 Nd7 21. f5 Nc5 22.
Qg3 Bf6 23. Nb3 Be5 24. Bf4 Bxf4 25. Qxf4 e5 26. Qd2 Nd7 27. Qxd6 Qxd6 28. Rxd6
Nf6 29. Na1 Nc6 30. Nb3 Nb4 31. Na1 Nc6 32. b3 Nd4 33. Rxa6 Rbc8 34. Nd5 Bxd5
35. exd5 e4 36. Rxf6 gxf6 37. Bxe4 Rfe8 38. Bd3 Rc3 39. h3 Re5 40. Bc4 Nxf5 41.
Kh2 Nd6 42. Bd3 Kg7 43. b4 Rxd5 44. Rb1 Nb5 45. Nb3 Na3 46. Rb2 Rd8 47. Nc5 Rb8
48. Ne4 Rc7 49. Nd6 Rd7 50. Nf5+ Kf8 51. Rb3 Nb5 52. c4 Nd4 53. Nxd4 Rxd4 54.
b5 Ke7 55. Bf1 Rf4 56. Re3+ Kd6 57. Be2 f5 58. Rd3+ Kc5 59. Rd7 Rf2 60. Rc7+ Kd4
61. Bf3 f4 62. Rxf7 Kxc4 63. Rxf4+ Kxb5 64. Bc6+ Kxc6 65. Rxf2 Kd6 66. Rf7 Rh8
67. Kg3 Ke6 68. Rf2 Ra8 69. Kh4 Rg8 70. g4 Ke7 71. Kh5 Rg6 72. Rf5 Ra6 73. h4
Rb6 74. Ra5 Kf7 75. Ra7+ Kg8 76. Kg5 Rb5+ 1/2-1/2

[Event "Druzynowe Mistrzostwa Polski Juniorow - I Liga"]
[Site "Centrum Wypoczynkowo-Szkoleniowe Gwarek, Ustron"]
[Date "1899-12-30"]
[Round "1.14"]
[White "Golenia, Jan"]
[Black "Wisniewski, Jacek"]
[Result "1-0"]
[WhiteTitle "I"]
[BlackTitle "I"]
[WhiteElo "1792"]
[BlackElo "1841"]

1. Nf3 d5 2. d4 Bf5 3. Bf4 e6 4. e3 Nf6 5. Nbd2 Be7 6. c3 Nh5 7. Bg3 Nxg3 8. hxg3
h6 9. Qb3 Qc8 10. Be2 O-O 11. Ne5 c6 12. g4 Bh7 13. f4 Nd7 14. Ndf3 f6 15. Nd3
c5 16. Nf2 c4 17. Qd1 b5 18. Qd2 Rb8 19. Bd1 Qc7 20. Bc2 Bxc2 21. Qxc2 e5 22.
Qf5 Qc6 23. Rxh6 gxh6 24. Qg6+ Kh8 25. Qxh6+ Kg8 26. Qg6+ Kh8 27. Ke2 1-0

[Event "Druzynowe Mistrzostwa Polski Juniorow - I Liga"]
[Site "Centrum Wypoczynkowo-Szkoleniowe Gwarek, Ustron"]
[Date "1899-12-30"]
[Round "1.15"]
[White "Chylewski, Patryk"]
[Black "Golenia, Wojciech"]
[Result "1/2-1/2"]
[WhiteTitle "k"]
[BlackTitle "I"]
[WhiteElo "2168"]
[BlackElo "1750"]

1. e4 e5 2. Nf3 Nc6 3. Bb5 a6 4. Ba4 Nf6 5. O-O Bc5 6. d3 b5 7. Bb3 d6 8. c3 Bb7
9. a4 Bb6 10. Na3 Ne7 11. Bg5 Qd7 12. axb5 axb5 13. Nxb5 Rxa1 14. Qxa1 h6 15.
Be3 O-O 16. Na3 Ng6 17. Nc4 Nh5 18. Nxb6 cxb6 19. Qa7 Nhf4 20. Ne1 Ra8 21. Qxb6
Ra6 22. Qb4 Ra1 23. f3 Rxe1 24. Rxe1 Nxd3 25. Qc4 Nxe1 26. Qe2 Nxg2 27. Qxg2 Kh7
28. Bc4 Bc6 29. b3 Qc7 30. Qg4 Bd7 31. Qg2 Bc6 32. Qa2 Nh4 33. Qf2 g5 34. Be2
Qa5 35. Qe1 Bb5 36. Kf2 Bxe2 37. Kxe2 Qa2+ 38. Qd2 Qxb3 39. Qd5 Qb2+ 40. Bd2 Kg7
41. Qxd6 Ng6 42. Kf2 Qc2 43. Qd5 Qd1 44. Be1 Qc2+ 45. Bd2 Qd1 1/2-1/2

[Event "Druzynowe Mistrzostwa Polski Juniorow - I Liga"]
[Site "Centrum Wypoczynkowo-Szkoleniowe Gwarek, Ustron"]
[Date "1899-12-30"]
[Round "1.16"]
[White "Gawor, Jan Pawel"]
[Black "Maminski, Hubert"]
[Result "1/2-1/2"]
[WhiteTitle "II"]
[BlackTitle "I"]
[WhiteElo "1519"]
[BlackElo "1763"]

1. e4 c5 2. Nf3 Nc6 3. d4 cxd4 4. Nxd4 Nf6 5. Nc3 e6 6. Ndb5 Bb4 7. a3 Bxc3+ 8.
Nxc3 d5 9. exd5 exd5 10. Bd3 O-O 11. O-O d4 12. Ne2 a6 13. Bg5 h6 14. Bh4 Qd6
15. Qd2 Re8 16. c3 Ne4 17. Bxe4 Rxe4 18. Bg3 Qc5 19. cxd4 Nxd4 20. Nxd4 Qxd4 21.
Qxd4 Rxd4 22. Rad1 Rxd1 23. Rxd1 Be6 24. Be5 Re8 25. Bc3 Bc4 26. Re1 Rd8 27. h3
Be6 28. Re4 Kf8 29. Rd4 Rc8 30. Rb4 Rc7 31. Rb6 g6 32. Bf6 Ke8 33. Rd6 Rd7 34.
Rxd7 Kxd7 35. f4 h5 36. Kf2 Kc6 37. Ke3 Kd5 38. h4 b5 39. g3 Bf5 40. Bc3 Kc4 41.
Be5 1/2-1/2

[Event "Druzynowe Mistrzostwa Polski Juniorow - I Liga"]
[Site "Centrum Wypoczynkowo-Szkoleniowe Gwarek, Ustron"]
[Date "1899-12-30"]
[Round "1.17"]
[White "Olechnicka, Karolina"]
[Black "Jedrocha, Katarzyna"]
[Result "0-1"]
[WhiteTitle "k++"]
[BlackTitle "k"]
[WhiteElo "1892"]
[BlackElo "1912"]

1. e4 c6 2. d4 d5 3. Nc3 dxe4 4. Nxe4 Nd7 5. Nf3 Ngf6 6. Nxf6+ Nxf6 7. Bd3 Bg4
8. c3 e6 9. Bd2 Be7 10. h3 Bh5 11. g4 Bg6 12. Bxg6 hxg6 13. Ne5 Qc7 14. Qf3 Bd6
15. Bf4 O-O-O 16. O-O-O Nd7 17. Qe3 Kb8 18. c4 Ka8 19. c5 Bxe5 20. dxe5 Qa5 21.
Kb1 Nxc5 22. Rd6 Rxd6 23. exd6 Nd7 24. Rd1 Rd8 25. Qf3 Nf6 26. Bd2 Qd5 27. Qxd5
Nxd5 28. Bc3 Rxd6 29. Kc1 f6 30. h4 e5 31. b3 Kb8 32. g5 Kc7 33. Bb2 Nf4 34. gxf6
gxf6 35. Ba3 Rxd1+ 36. Kxd1 Kd7 37. f3 Ng2 38. Bc5 Nxh4 0-1

[Event "Druzynowe Mistrzostwa Polski Juniorow - I Liga"]
[Site "Centrum Wypoczynkowo-Szkoleniowe Gwarek, Ustron"]
[Date "1899-12-30"]
[Round "1.18"]
[White "Janiak, Izabela"]
[Black "Moscicka, Pola"]
[Result "0-1"]
[WhiteTitle "II"]
[BlackTitle "I"]
[WhiteElo "1142"]
[BlackElo "1644"]

1. e4 c5 2. Nf3 d6 3. d4 cxd4 4. Nxd4 Nf6 5. Nc3 a6 6. a4 e5 7. Nf3 Bg4 8. Be2
Be7 9. h3 Bh5 10. Be3 Nbd7 11. O-O O-O 12. Qd2 Qc7 13. Bg5 Bg6 14. Qd3 Nc5 15.
Qe3 Ncxe4 16. Nxe4 Nxe4 17. Bxe7 Qxe7 18. Rfd1 Rac8 19. Rac1 Rfd8 20. Bd3 Nf6
21. Bxg6 hxg6 22. Rd2 Qc7 23. Rcd1 Rd7 24. g4 Rcd8 25. g5 Nh5 26. h4 Qc4 27. Nxe5
dxe5 28. Rxd7 Rxd7 29. Rxd7 Qg4+ 30. Kf1 Qxd7 31. Qxe5 Qxa4 32. Qb8+ Kh7 33. Qxb7
Qa1+ 34. Kg2 Qa4 35. Kh3 Qxc2 36. Qb6 Qf5+ 37. Kh2 Qf4+ 38. Kg2 Qxh4 39. Qc5 Nf4+
40. Kf3 Ne6 41. Qe5 Qxg5 42. Qd6 Qf6+ 43. Ke3 Qxb2 44. Qxa6 Qc3+ 45. Ke2 Nf4+
46. Kd1 Qd3+ 47. Qxd3 Nxd3 48. Ke2 Nxf2 49. Kxf2 f5 50. Kf3 g5 51. Kg3 g4 52.
Kf2 f4 53. Kg2 g5 54. Kf2 Kh6 55. Kg2 Kh5 56. Kf2 Kh4 57. Kg2 g3 58. Kg1 Kh3 59.
Kh1 f3 60. Kg1 f2+ 61. Kf1 Kh2 62. Ke2 Kg2 63. Ke3 f1=Q 64. Ke4 Kh2 65. Ke5 g2
66. Ke6 g1=R 67. Ke7 Qf3 68. Ke6 Re1+ 69. Kd6 Qd3+ 70. Kc5 Rc1+ 71. Kb4 Qd8 72.
Kb3 Qb8+ 73. Ka2 Rc7 74. Ka1 Ra7# 0-1

[Event "Druzynowe Mistrzostwa Polski Juniorow - I Liga"]
[Site "Centrum Wypoczynkowo-Szkoleniowe Gwarek, Ustron"]
[Date "1899-12-30"]
[Round "1.19"]
[White "Kucza, Karol"]
[Black "Mockun, Dawid"]
[Result "1-0"]
[WhiteTitle "k"]
[BlackTitle "I"]
[WhiteElo "2119"]
[BlackElo "1951"]

1. e4 c6 2. d4 d5 3. exd5 cxd5 4. c4 Nf6 5. Nc3 e6 6. c5 b6 7. b4 a5 8. Na4 bxc5
9. bxc5 Nbd7 10. Bb5 Ba6 11. Bxa6 Rxa6 12. Qd3 Qc8 13. Nf3 Be7 14. O-O O-O 15.
Bf4 Ne4 16. Rab1 f6 17. Rfc1 Rc6 18. Qb5 g5 19. Nb6 Nxb6 20. cxb6 Rxc1+ 21. Rxc1
gxf4 22. Rxc8 Rxc8 23. g3 fxg3 24. hxg3 Rb8 25. Qd7 Kf8 26. Qxe6 Nc3 27. b7 1-0

[Event "Druzynowe Mistrzostwa Polski Juniorow - I Liga"]
[Site "Centrum Wypoczynkowo-Szkoleniowe Gwarek, Ustron"]
[Date "1899-12-30"]
[Round "1.20"]
[White "Buraczewski, Rafal"]
[Black "Madrawski, Krzysztof"]
[Result "0-1"]
[WhiteTitle "I"]
[BlackTitle "I+"]
[WhiteElo "1906"]
[BlackElo "1972"]

1. Nf3 Nf6 2. c4 b6 3. g3 Bb7 4. Bg2 c5 5. O-O g6 6. b3 Bg7 7. Bb2 O-O 8. d3 Nc6
9. Nbd2 d5 10. cxd5 Nxd5 11. Bxg7 Kxg7 12. Qc2 e5 13. Qb2 f6 14. Rac1 Qe7 15.
Nc4 Rad8 16. Nfd2 Nd4 17. Ne4 f5 18. Nc3 Nxc3 19. Rxc3 Bxg2 20. Kxg2 f4 21. f3
Qg5 22. Rcc1 Rd5 23. Kf2 Qh5 24. Kg2 b5 25. g4 Qh4 26. Na3 h5 27. gxh5 Rh8 28.
Rf2 Nf5 29. Nc2 Rxh5 30. Kg1 Qh3 31. Ne1 Rg5+ 32. Rg2 Ne3 0-1

[Event "Druzynowe Mistrzostwa Polski Juniorow - I Liga"]
[Site "Centrum Wypoczynkowo-Szkoleniowe Gwarek, Ustron"]
[Date "1899-12-30"]
[Round "1.21"]
[White "Woloch, Oskar"]
[Black "Poplawski, Maciej"]
[Result "1-0"]
[WhiteTitle "k"]
[BlackTitle "I"]
[WhiteElo "2108"]
[BlackElo "1866"]

1. d4 Nf6 2. Nf3 e6 3. Bg5 d5 4. e3 c5 5. c3 Qb6 6. Qb3 Nc6 7. Nbd2 Bd7 8. Be2
Bd6 9. O-O Qxb3 10. axb3 b6 11. Ba6 Rb8 12. Bb5 Rb7 13. Ra2 O-O 14. dxc5 bxc5
15. Bxc6 Bxc6 16. Rfa1 Bb8 17. Bf4 Bxf4 18. exf4 Ra8 19. Ne5 Be8 20. Nd3 Rc7 21.
Ra5 Nd7 22. b4 c4 23. Ne5 Kf8 24. Ndf3 Nb6 25. Nd4 Ke7 26. Ra6 Nc8 27. f5 exf5
28. Nxf5+ Kf8 29. Nd4 Rb8 30. R1a5 Rb6 31. Rxb6 Nxb6 32. f4 Ke7 33. b5 Nc8 34.
Nec6+ Kd6 35. Nb4 g6 36. Nxd5 Nb6 37. Nxc7 1-0

[Event "Druzynowe Mistrzostwa Polski Juniorow - I Liga"]
[Site "Centrum Wypoczynkowo-Szkoleniowe Gwarek, Ustron"]
[Date "1899-12-30"]
[Round "1.22"]
[White "Wierzbicki, Michal"]
[Black "Gorkiewicz, Mateusz"]
[Result "1-0"]
[WhiteTitle "I"]
[BlackTitle "II"]
[WhiteElo "1725"]
[BlackElo "1353"]

1. d4 d5 2. Nf3 Nf6 3. c4 e6 4. cxd5 exd5 5. Bg5 Be7 6. Nc3 O-O 7. e3 Nbd7 8. Bd3
h6 9. Bh4 b6 10. Qc2 Bb7 11. O-O c5 12. dxc5 bxc5 13. Be2 Re8 14. Rfd1 Bc6 15.
Bg3 Bf8 16. Bb5 Bxb5 17. Nxb5 Nh5 18. Rxd5 Nxg3 19. hxg3 Qb6 20. Rxd7 Qxb5 21.
Rad1 a5 22. R7d5 Rab8 23. R1d2 Qb6 24. Ne5 Rbc8 25. Nc4 Qb5 26. Rd7 Ra8 27. Qd3
a4 28. Qd5 Rab8 29. Qxf7+ Kh8 30. Nd6 Qb4 31. Nxe8 Qg4 32. Qxf8+ Kh7 33. Rxg7+
Qxg7 34. Qxg7# 1-0

[Event "Druzynowe Mistrzostwa Polski Juniorow - I Liga"]
[Site "Centrum Wypoczynkowo-Szkoleniowe Gwarek, Ustron"]
[Date "1899-12-30"]
[Round "1.23"]
[White "Dwilewicz, Katarzyna"]
[Black "Murawko, Katarzyna"]
[Result "1/2-1/2"]
[WhiteTitle "I++"]
[BlackTitle "k"]
[WhiteElo "1872"]
[BlackElo "1948"]

1. e4 c5 2. Nf3 Nc6 3. d4 cxd4 4. Nxd4 Qb6 5. Nb3 Nf6 6. Nc3 e6 7. Be3 Qc7 8. a3
a6 9. f4 d6 10. Be2 b5 11. Qd2 Bb7 12. Bf3 Be7 13. Qf2 Nd7 14. O-O h5 15. Rfe1
Bf6 16. Rad1 O-O-O 17. Rd3 h4 18. Red1 Be7 19. h3 g5 20. Nd5 exd5 21. exd5 Na5
22. Nxa5 Qxa5 23. Bg4 Bf6 24. Bb6 Qa4 25. Rd4 Bxd4 26. Rxd4 Rdf8 27. fxg5 Bxd5
28. Rxa4 bxa4 29. Qd4 Be6 30. Bf3 Nxb6 31. Qxb6 d5 32. Qxa6+ Kc7 33. Qa7+ Kd6
34. Qxa4 Rc8 35. Qb4+ Ke5 36. Qe1+ Kd6 37. c3 Rb8 38. b4 Rhc8 39. Qe3 Rc4 40.
Bd1 Rbc8 41. Ba4 Ke7 42. Qe5 Rxc3 43. Qf6+ Kd6 44. Qf4+ Ke7 45. Qf6+ Kd6 46. Qf4+
Ke7 47. Qf6+ Kd6 48. Qf4+ 1/2-1/2

[Event "Druzynowe Mistrzostwa Polski Juniorow - I Liga"]
[Site "Centrum Wypoczynkowo-Szkoleniowe Gwarek, Ustron"]
[Date "1899-12-30"]
[Round "1.24"]
[White "Rudzinska, Michalina"]
[Black "Karlyk, Maria"]
[Result "1-0"]
[WhiteTitle "I"]
[BlackTitle "I"]
[WhiteElo "1693"]
[BlackElo "1392"]

1. e4 c5 2. Nf3 e6 3. d4 cxd4 4. Nxd4 Nf6 5. Bd3 Nc6 6. Nxc6 bxc6 7. O-O Bb7 8.
Qe2 Qc7 9. Nd2 O-O-O 10. c4 d5 11. cxd5 exd5 12. Rb1 Bd6 13. g3 Rhe8 14. Qf3 dxe4
15. Nxe4 Nxe4 16. Bxe4 g6 17. Bg5 Rd7 18. Rfe1 Bb4 19. Rec1 Re6 20. Bf4 Qb6 21.
Rc4 f5 22. Bd5 c5 23. Bxb7+ Rxb7 24. a3 Ba5 25. b4 Rc6 26. Rd1 Qb5 27. Qd5 Rg7
28. bxa5 Kb7 29. Rb4 1-0

[Event "Druzynowe Mistrzostwa Polski Juniorow - I Liga"]
[Site "Centrum Wypoczynkowo-Szkoleniowe Gwarek, Ustron"]
[Date "1899-12-30"]
[Round "1.25"]
[White "Bilczewski, Kacper"]
[Black "Kowalski, Maciej"]
[Result "0-1"]
[WhiteTitle "I"]
[BlackTitle "k"]
[WhiteElo "2056"]
[BlackElo "2144"]

1. e4 c5 2. c3 d5 3. exd5 Qxd5 4. d4 Nc6 5. Nf3 Bf5 6. Na3 cxd4 7. Nb5 O-O-O 8.
cxd4 e5 9. Be2 exd4 10. Bd3 Bxd3 11. Qxd3 Nb4 12. Nxa7+ Kb8 13. Bf4+ Kxa7 0-1

[Event "Druzynowe Mistrzostwa Polski Juniorow - I Liga"]
[Site "Centrum Wypoczynkowo-Szkoleniowe Gwarek, Ustron"]
[Date "1899-12-30"]
[Round "1.27"]
[White "Ochowicz, Jakub"]
[Black "Kabacinski, Krzysztof"]
[Result "1-0"]
[WhiteTitle "I"]
[BlackTitle "II"]
[WhiteElo "1849"]
[BlackElo "1565"]

1. e4 c6 2. d4 d5 3. e5 Bf5 4. Bd3 Bxd3 5. Qxd3 e6 6. Ne2 Nd7 7. O-O c5 8. c3 c4
9. Qc2 h6 10. f4 Ne7 11. g4 Qb6 12. Ng3 O-O-O 13. b4 Nc6 14. Kh1 Be7 15. a4 a5
16. bxa5 Nxa5 17. Nd2 Kc7 18. f5 Ra8 19. fxe6 Qxe6 20. Nf5 Bf8 21. Ba3 Bxa3 22.
Rxa3 Qg6 23. Qd1 h5 24. Ne7 Qe6 25. Nf5 Qg6 26. g5 Qxg5 27. Nd6 Rhf8 28. Nf3 Qe7
29. Ra2 g6 30. Nb5+ Kc8 31. Qc1 Nb3 32. Qe1 Nb6 33. a5 Rxa5 34. Rxa5 Nxa5 35.
Qa1 Nc6 36. Rb1 Nb8 37. Nd6+ Kc7 38. Qa7 1-0